A collection of birds from southeastern Nariño, Colombia (Registro nro. 9397)
[ vista simple ]
| 000 -CABECERA | |
|---|---|
| Campo de control | 005350000a22001570004500 |
| 090 ## - CLASIFICACIÓN LOCAL | |
| Colección | AR |
| Consecutivo | 00298 |
| 041 0# - IDIOMA | |
| Código de idioma para texto/pista de sonido o título separado | |
| 100 1# - ASIENTO PRINCIPAL--NOMBRE PERSONAL | |
| Nombre personal | Meyer de Schauensee, Rodolphe |
| 245 10 - MENCION DE TITULO | |
| Título | A collection of birds from southeastern Nariño, Colombia |
| 650 14 - ASIENTO SECUNDARIO DE MATERIA - TERMINO TEMATICO | |
| Término temático o nombre geográfico como elemento de entrada | Aves |
| 650 14 - ASIENTO SECUNDARIO DE MATERIA - TERMINO TEMATICO | |
| Término temático o nombre geográfico como elemento de entrada | Colecciones ornitológicas |
| 650 14 - ASIENTO SECUNDARIO DE MATERIA - TERMINO TEMATICO | |
| Término temático o nombre geográfico como elemento de entrada | Nuevas especies |
| 651 #4 - ASIENTO SECUNDARIO DE MATERIA - NOMBRE GEOGRAFICO | |
| -- | Cordillera de los Andes |
| -- | Nariño |
| -- | Colombia |
| 773 1# - Item fuente: | |
| Título | Proceedings of the Academy of Natural Sciences Philadelphia |
| Especificación de materiales | 123 |
| Descripción física | 104 |
| Paginas del Articulo | 1-33 |
| Lugar, editorial y fecha de publicación | 1952 |
| 942 ## - ELEMENTOS ADICIONALES (KOHA) | |
| Tipo de ítem | Artículo |
| Withdrawn status | Lost status | Damaged status | No para préstamo | Colección | Ubicación Permanente | Ubicación actual | Fecha de adquisición | Datos de publicación Seriada | Total Checkouts | Número topográfico | Inventario / Código de Barras | Date last seen | Ejemplar | Price effective from | Forma de adquisición | Tipo de material |
|---|---|---|---|---|---|---|---|---|---|---|---|---|---|---|---|---|
| No para Préstamo | Hemeroteca | Bogotá | Bogotá | 27/02/2015 | Fuera de circulación | AR 00298 | 010549 | 25/03/2015 | 1 | 25/03/2015 | Artículo |